000
00308nam a2200097Ia 4500
082
_a
EJF HAYE
245
0
_a
Personeregbronnebundel = Law of persons source book
100
_a
Boezaart, Trynie Claremont, South Africa, 2010 5de uitg
_9
83200
942
_c
BK
008
210817s9999 xx 000 0 und d
999
_c
302617
_d
302616